مكتبة جامعة عجلون الوطنية

فهرس بحث المكتبة

Normal view MARC view
  • وليم/ م مشارك منجر وليف

Entry Personal Name

Number of records used in: 1

001 - CONTROL NUMBER

  • control field: 15894

003 - CONTROL NUMBER IDENTIFIER

  • control field: JO-AjAnu

005 - DATE AND TIME OF LATEST TRANSACTION

  • control field: 20230606072832.0

008 - FIXED-LENGTH DATA ELEMENTS

  • fixed length control field: 230606|| aca||aabn | a|a d

040 ## - CATALOGING SOURCE

  • Original cataloging agency: JO-AjAnu
  • Transcribing agency: JO-AjAnu

100 ## - HEADING--PERSONAL NAME

  • Personal name: وليم/ م مشارك منجر وليف

670 ## - SOURCE DATA FOUND

  • Source citation: Work cat.: (JO-AjAnu)8161: وليم/ م مشارك منجر وليف, author, اضواء الطب النفسي على الشخصية والسلوك